Seguranȧ e sad︢e no trabalho em 2000 perguntas e respostas

Bibliographic Details
Main Author: Carvalho Gonȧlves, Danielle
Other Authors: Carvalho Gonȧlves, Isabelle, Gonȧlves, Edwar Abreu
Format: eBook
Language:Portuguese
Published: San Pablo: LTR, 2017
Edition:6ta Edicin̤
Subjects:
Online Access:Acceso restringido

MARC

LEADER 00000nam a22000007a 4500
005 20180406233855.0
007 cr|||| ||||
008 180406s2017 br |||||s|||| 00||0 por d
020 |a 978-85-361-9454-7 
035 |a 21363 
040 |a vLex 
090 |c 7689  |d 7689 
100 1 |a Carvalho Gonȧlves, Danielle 
245 1 0 |a Seguranȧ e sad︢e no trabalho em 2000 perguntas e respostas  |h [Recurso electrn̤ico] /  |c Danielle Carvalho Gonȧlves, Isabelle Carvalho Gonȧlves, Edwar Abreu Gonȧlves 
250 |a 6ta Edicin̤ 
256 |a Servicio en ln̕ea 
260 |a San Pablo:  |b LTR,  |c 2017 
300 |a 1 recurso electrn̤ico 
500 |a A sexta ediȯ̂ deste livro, Seguranȧ e Sad︢e no Trabalho em 2000 Perguntas e Respostas (revista e atualizada), permanece com o mesmo props̤ito das anteriores, propiciar consulta expedita, de forma clara e objetiva, para as mais variadas e bs̀icas queste̳s atinentes ̉prevenȯ̂ de acidentes do trabalho e ̉promoȯ̂ da sad︢e ocupacional. Nos primeiros trinta e seis capt̕ulos questionamos, de forma cadenciada e sequencialmente, as Trinta e Seis Normas Regulamentadoras de Seguranȧ e Sad︢e no Trabalho, com n̊fase nos Aspectos Tčnico-Preventivos propriamente ditos e nos correspondentes Fundamentos Jurd̕icos (legais e jurisprudenciais). Na medida do possv̕el, enriquecemos as respostas com a reproduȯ̂ de Tabelas, Anexos, Quadros e Modelos de Rotinas, prt̀icos e especf̕icos, com o deliberado props̤ito de tornar essa obra uma ferramenta usual no enfrentamento das queste̳s vivenciais da infortuns̕tica pt̀ria. No Capt̕ulo 37, O Direito Previdencir̀io e a Seguranȧ e Sad︢e no Trabalho, abordamos os benefc̕ios previdencir̀ios especf̕icos e possv̕eis de serem concedidos pelo INSS (auxl̕io-doenȧ acidentr̀io, auxl̕io-acidente, aposentadoria por invalidez acidentr̀ia, aposentadoria especial, pensô por morte, habilitaȯ̂ e reabilitaȯ̂ profissional), alm̌ de outros tp̤icos previdencir̀ios igualmente correlatos: LTCAT; PPP; NTEP e FAP. No Capt̕ulo 38, Acidentes do Trabalho e Indenizaȯ̂ Acidentr̀ia, analisamos: conceitos e espčies de acidentes de trabalho, inclusive doenȧs profissionais e do trabalho; causas e consequn̊cias dos infortn︢ios; inspeȯ̂ de seguranȧ e investigaȯ̂ acidentr̀ia. Ao final, reproduzimos uma ata de audin̊cia na qual fora designada a realizaȯ̂ de Perc̕ia Judicial Trabalhista de Seguranȧ e Sad︢e no Trabalho, com o devido Laudo Tčnico-Pericial e a correspondente Sentenȧ Trabalhista decidindo pleito de Indenizaȯ̂ Acidentr̀ia por Danos Morais e Materiais em face de Doenȧ Ocupacional. 
506 1 |a Disponible solo en los productos indicados  |d vLex Global  |d vLex Global (Academic Edition, excluding Law Schools)  |d vLex Global (U.S. Academic Edition, Law Schools)  |d vLex Global (U.S. Academic Edition, excluding Law Schools)  |d vLex Global (Academic Edition, Law Schools) 
650 |a Derecho Laboral y Seguridad Social  |z Brasil 
700 1 |a Carvalho Gonȧlves, Isabelle 
700 1 |a Gonȧlves, Edwar Abreu 
740 0 |a vLex Libros (Servicio en ln̕ea) 
856 4 0 |u http://vlex.com/source/seguran-a-e-saude-no-trabalho-em-2000-perguntas-e-respostas-21363  |z Acceso restringido 
942 |c BOOK 
999 0 |a Labor law and social security